[Event "9th Capablanca Memorial"]
[Site "Cienfuegos CUB"]
[Date "1972.??.??"]
[Round "18"]
[White "Diaz Diaz, Joaquin"]
[Black "Hennings, Artur"]
[Result "1/2-1/2"]
[WhiteElo "2270"]
[BlackElo "2475"]
[EventDate "1972.02.??"]
[PlyCount "49"]

1.e4 e5 2.Nf3 Nc6 3.Bb5 a6 4.Ba4 Nf6 5.O-O Be7 6.Bxc6 dxc6 7.d3 Nd7 8.Nbd2
O-O 9.Nc4 f6 10.Nh4 Nc5 11.Nf5 Bxf5 12.exf5 Qd7 13.Qg4 b6 14.h3 Rfe8 15.
Be3 Nb7 16.f4 exf4 17.Rxf4 Bc5 18.Bxc5 Nxc5 19.b3 Nb7 20.Rff1 Re7 21.Rae1 
Rae8 22.Qh4 b5 23.Nd2 Nd6 24.g4 Re5 25.Nf3 1/2-1/2

[Event "9th Capablanca Memorial"]
[Site "Cienfuegos CUB"]
[Date "1972.??.??"]
[Round "18"]
[White "Damjanovic, Mato"]
[Black "Rodriguez Vargas, Orestes"]
[Result "1/2-1/2"]
[WhiteElo "2490"]
[BlackElo "2420"]
[EventDate "1972.02.??"]
[PlyCount "82"]

1.e4 e5 2.Nf3 Nc6 3.Bb5 a6 4.Ba4 Nf6 5.O-O Be7 6.Re1 b5 7.Bb3 O-O 8.a4 Bb7
9.d3 d6 10.Bd2 d5 11.exd5 Nd4 12.Nxd4 exd4 13.axb5 axb5 14.Rxa8 Bxa8 15.
Na3 c6 16.Qf3 b4 17.Nc4 Nxd5 18.Ne5 c5 19.Qf5 Qc8 20.Qxc8 Rxc8 21.Nd7 Bf8 
22.h3 Bc6 23.Ne5 Bb7 24.Nd7 Rd8 25.Nxf8 Kxf8 26.Re5 Rd6 27.Re1 Rd8 28.Re5 
Rd6 29.Kh2 h6 30.Bc4 Rd8 31.g4 f6 32.Re6 Re8 33.Rxe8+ Kxe8 34.Kg3 Kd7 35.
h4 Ne7 36.g5 hxg5 37.hxg5 Bd5 38.Bb5+ Ke6 39.gxf6 gxf6 40.b3 Nf5+ 41.Kg4 
Nd6 1/2-1/2

[Event "9th Capablanca Memorial"]
[Site "Cienfuegos CUB"]
[Date "1972.??.??"]
[Round "19"]
[White "Hennings, Artur"]
[Black "Donner, Jan"]
[Result "1/2-1/2"]
[WhiteElo "2475"]
[BlackElo "2500"]
[EventDate "1972.02.??"]
[PlyCount "25"]

1.d4 d5 2.c4 c6 3.Nf3 Nf6 4.cxd5 cxd5 5.Nc3 Nc6 6.Bf4 e6 7.e3 Bd6 8.Bxd6 
Qxd6 9.Be2 O-O 10.O-O e5 11.dxe5 Nxe5 12.Nxe5 Qxe5 13.Qd4 1/2-1/2

[Event "9th Capablanca Memorial"]
[Site "Cienfuegos CUB"]
[Date "1972.??.??"]
[Round "19"]
[White "Karaklajic, Nikola"]
[Black "Mista, Ladislav"]
[Result "1/2-1/2"]
[WhiteElo "2490"]
[BlackElo "2410"]
[EventDate "1972.02.??"]
[PlyCount "21"]

1.e4 c5 2.Nf3 Nc6 3.d4 cxd4 4.Nxd4 g6 5.Be3 Nf6 6.Nc3 Bg7 7.f3 O-O 8.Bc4 
Qb6 9.Bb3 Nxe4 10.Nd5 Qa5+ 11.c3 1/2-1/2

[Event "9th Capablanca Memorial"]
[Site "Cienfuegos CUB"]
[Date "1972.??.??"]
[Round "19"]
[White "Spiridonov, Nikola"]
[Black "Lengyel, Levente"]
[Result "1/2-1/2"]
[WhiteElo "2450"]
[BlackElo "2485"]
[EventDate "1972.02.??"]
[PlyCount "31"]

1.d4 d5 2.Nf3 Nf6 3.c4 e6 4.Nc3 Be7 5.Bg5 O-O 6.e3 h6 7.Bh4 b6 8.Rc1 Bb7 
9.cxd5 Nxd5 10.Bxe7 Qxe7 11.Be2 Rc8 12.Qa4 c5 13.Qa3 Nd7 14.O-O cxd4 15.
Qxe7 Nxe7 16.Nxd4 1/2-1/2

[Event "9th Capablanca Memorial"]
[Site "Cienfuegos CUB"]
[Date "1972.??.??"]
[Round "19"]
[White "Garcia Martinez, Silvino"]
[Black "Damjanovic, Mato"]
[Result "1/2-1/2"]
[WhiteElo "2340"]
[BlackElo "2490"]
[EventDate "1972.02.??"]
[PlyCount "26"]

1.d4 d5 2.c4 c6 3.cxd5 cxd5 4.Nc3 Nc6 5.Nf3 Nf6 6.Bf4 e6 7.e3 Bd6 8.Bxd6 
Qxd6 9.Bd3 O-O 10.O-O Bd7 11.Rc1 Rfc8 12.Qd2 Be8 13.h3 g6 1/2-1/2

[Event "9th Capablanca Memorial"]
[Site "Cienfuegos CUB"]
[Date "1972.??.??"]
[Round "19"]
[White "Ribli, Zoltan"]
[Black "Lein, Anatoly"]
[Result "1/2-1/2"]
[WhiteElo "2440"]
[BlackElo "2510"]
[EventDate "1972.02.??"]
[PlyCount "28"]

1.d4 d5 2.c4 e6 3.Nc3 Be7 4.Nf3 Nf6 5.Bg5 h6 6.Bh4 O-O 7.e3 Ne4 8.Bxe7 
Qxe7 9.Qc2 Nxc3 10.Qxc3 c6 11.Bd3 Nd7 12.O-O Re8 13.Rac1 dxc4 14.Qxc4 e5 
1/2-1/2

[Event "9th Capablanca Memorial"]
[Site "Cienfuegos CUB"]
[Date "1972.??.??"]
[Round "19"]
[White "Minev, Nikolai"]
[Black "Diaz Diaz, Joaquin"]
[Result "1/2-1/2"]
[WhiteElo "2455"]
[BlackElo "2270"]
[EventDate "1972.02.??"]
[PlyCount "114"]

1.d4 Nf6 2.c4 g6 3.Nc3 d5 4.Nf3 Bg7 5.e3 O-O 6.Bd2 c6 7.Qb3 e6 8.Bd3 Nbd7 
9.O-O Re8 10.Rad1 Nb6 11.cxd5 exd5 12.Ne5 Nfd7 13.Nxd7 Bxd7 14.Ne2 c5 15.
Qa3 c4 16.Bb1 a5 17.Bxa5 Qb8 18.Bc2 c3 19.Qxc3 Rc8 20.Bxb6 Rxc3 21.Nxc3 
Be6 22.Bb3 Qd6 23.Bc5 Qd7 24.Rc1 h5 25.Rfe1 Bh6 26.a4 h4 27.h3 g5 28.e4 g4
29.exd5 Bf5 30.Rcd1 Re8 31.hxg4 Bxg4 32.Ne4 Rxe4 33.Rxe4 Bxd1 34.Bxd1 Qxd5
35.Bf3 Qc4 36.Rg4+ Kh8 37.Rxh4 Kg7 38.Rg4+ Kh8 39.Kh2 f5 40.Rh4 Kg7 41.Bd6
Bg5 42.Be5+ Bf6 43.Bxf6+ Kxf6 44.g3 Qf1 45.Bxb7 Qxf2+ 46.Bg2 Qxb2 47.d5 
Qd2 48.Rf4 Ke5 49.Kh3 Qd1 50.Kh4 Kf6 51.g4 Kg6 52.Rxf5 Qxa4 53.Re5 Qf4 54.
Be4+ Kh6 55.Re6+ Kg7 56.Re7+ Kf8 57.Re6 Kg7 1/2-1/2